000 00555nam a2200181 a 4500
001 000016599
005 20200929164931.0
008 100308s1981 dr a 000 0 spa d
040 _aDO-SdBNP
_bspa
_cBNPHU
082 _a796.077
_bP637p
100 1 _aPila Teleña, Augusto
_935876
245 1 0 _aPreparación física para equipos superiores /
_cAugusto Pila Teleña.
260 _aSanto Domingo :
_bSEDEFIR,
_c1981.
300 _a212 P. :
_bil. ;
_c22 cm.
650 4 _aEntrenamiento atletico
_936890
650 4 _aEducación fisica
_912552
049 _aBNPD
999 _c16132
_d16132